ბათუმის შოთა რუსთაველის სახელმწიფო უნივერსიტეტის ბიბლიოთეკა

Adult education for community development (ბიბ.ჩანაწერი № 44610)

000 -LEADER
fixed length control field 00687nam a2200241Ia 4500
001 - CONTROL NUMBER
control field 11413
003 - CONTROL NUMBER IDENTIFIER
control field GE_BSU
008 - FIXED-LENGTH DATA ELEMENTS--GENERAL INFORMATION
fixed length control field 181216s||||||||xx |||||||||||||| ||und||
040 ## - CATALOGING SOURCE
Transcribing agency GE_BSU
080 ## - UNIVERSAL DECIMAL CLASSIFICATION NUMBER
Universal Decimal Classification number 37
100 ## - MAIN ENTRY--PERSONAL NAME
Personal name Hamilton Edwin
245 ## - TITLE STATEMENT
Title Adult education for community development
245 ## - TITLE STATEMENT
Statement of responsibility, etc. foreword by William D. Dowling
260 ## - PUBLICATION, DISTRIBUTION, ETC.
Place of publication, distribution, etc. New york
260 ## - PUBLICATION, DISTRIBUTION, ETC.
Name of publisher, distributor, etc. greewood press
260 ## - PUBLICATION, DISTRIBUTION, ETC.
Date of publication, distribution, etc. 1992
300 ## - PHYSICAL DESCRIPTION
Extent 162p.24cm.
520 ## - SUMMARY, ETC.
Summary, etc. შემოსულია ტემპუსის პროექტით
653 ## - INDEX TERM--UNCONTROLLED
Uncontrolled term Adult education for community development
653 ## - INDEX TERM--UNCONTROLLED
Uncontrolled term ტემპუსის პროექტით
942 ## - ADDED ENTRY ELEMENTS (KOHA)
Koha item type წიგნი
ეგზემპლარები
Withdrawn status Lost status Damaged status Not for loan Date acquired Barcode Date last seen Price effective from Koha item type
        2018-12-17 35461 2018-12-17 2018-12-17 წიგნი